000 01103nam a2200313 a 4500
001 79797
003 BD-RjUL
005 20220512163127.0
008 220512r19611959enk o 000 1 eng d
035 _a(BD-RjUL)79797
040 _aTEFOD
_beng
_cTEFOD
_dOCLCQ
_dBD-RjUL
041 _aeng
082 0 4 _223
_a813.52
_bCHL 1961
100 1 _aChandler, Raymond,
_d1888-1959.
_93000
245 1 4 _aThe long good-bye /
_cRaymond Chandler.
260 _aLondon :
_bPenguin in association with Hamish Hamilton,
_c1959, ©1953 [reprinted 1961]
300 _a319 pages;
_c19 cm.
500 _aOriginally published: London: Hamish Hamilton, 1953.
500 _aAcademic
600 1 0 _aMarlowe, Philip
_c(Fictitious character)
_93001
600 1 7 _aMarlowe, Philip
_c(Fictitious character)
_93001
650 0 _aPrivate investigators
_zCalifornia
_zLos Angeles
_vFiction.
_93002
650 7 _aPrivate investigators.
_2fast
_93003
650 7 _aAmerican fiction
_93004
651 7 _aCalifornia
_zLos Angeles.
_2fast
_93005
942 _2ddc
_cBK
999 _c79797
_d79797